000 01734nam0a2200337 4500
001 RU\NLR\BIBL_A\011480001
005 20240921165149.0
010 _a9785939166102
_9150
021 _aRU
_b2017-63791
_94519
035 _a(RuMoRGB)009374676
035 _a(NLR Aleph) 011480001
090 _a11895221
_c11895221
100 _a20170928d2017 u y0rusy50 ca
101 0 _arus
102 _aRU
105 _ay z|||000zy
200 1 _aПоощрительные институты уголовно-исполнительного права России: изменение условий отбывания наказания и вида исправительного учреждения
_eучебное пособие
_fС. Л. Бабаян
_gФедеральное государственное бюджетное образовательное учреждение высшего образования Российский государственный университет правосудия
210 _aМосква
_cРГУП
_d2017
215 _a112, [1] с.
_cтабл.
_d21
225 1 _aЛекция
320 _aБиблиогр. в конце кн.
606 1 _aУголовно-исполнительное право
_jУчебные издания для высших учебных заведений
_xПоощрительные нормы
_yРоссийская Федерация
_92087991
_3RU\NLR\AUTH\661264061
686 _aХ628.401я73-1
_2rubbk
686 _aХ628.103.24я73-1
_2rubbk
686 1 _aХ628.103.24я73
686 1 _aХ628.401я73
700 1 _aБабаян
_bС. Л.
_gСергей Львович
942 _cBOOK
980 _aNBR